High power optical sources of femtosecond pulses on the base of hybrid laser systems with wide-aperture gas laser amplifiers; Proceedings of SPIE - The International Society for Optical Engineering. High Energy/Average Power Lasers and Intense Beam Applications, San Jose, CA, january 22, 2007; Vol. 6454

Λεπτομέρειες βιβλιογραφικής εγγραφής
Parent link:Proceedings of SPIE - The International Society for Optical Engineering. High Energy/Average Power Lasers and Intense Beam Applications, San Jose, CA, january 22, 2007.— , 2007
Vol. 6454.— 2007.— P. 645409 (1-11)
Άλλοι συγγραφείς: Ionin A. A., Konyashchenko A. V., Koval'chuk B. M., Krokhin O. N., Losev V. F., Mesyats G. A. Gennady Andreyevich, Mikheev L. D., Molchanov A. G., Novoselov Yu. N., Seleznev L. V., Sinitsyn D. V., Starodub A. N., Tarasenko V. F., Yakovlenko S. I., Zvorykin V. D.
Περίληψη:В фонде НТБ ТПУ отсутствует
Γλώσσα:Αγγλικά
Έκδοση: 2007
Θέματα:
Μορφή: Κεφάλαιο βιβλίου
KOHA link:https://koha.lib.tpu.ru/cgi-bin/koha/opac-detail.pl?biblionumber=596820

MARC

LEADER 00000naa0a2200000 4500
001 596820
005 20250123162618.0
035 |a (RuTPU)RU\TPU\tpu\19866 
090 |a 596820 
100 |a 20110829d2007 k||y0rusy50 ba 
101 0 |a eng 
102 |a US 
200 1 |a High power optical sources of femtosecond pulses on the base of hybrid laser systems with wide-aperture gas laser amplifiers  |f A. A. Ionin [et al.] 
333 |a В фонде НТБ ТПУ отсутствует 
461 |t Proceedings of SPIE - The International Society for Optical Engineering. High Energy/Average Power Lasers and Intense Beam Applications, San Jose, CA, january 22, 2007  |d 2007 
463 |t Vol. 6454  |v P. 645409 (1-11)  |d 2007 
610 1 |a труды учёных ТПУ 
701 1 |a Ionin  |b A. A. 
701 1 |a Konyashchenko  |b A. V. 
701 1 |a Koval'chuk  |b B. M. 
701 1 |a Krokhin  |b O. N. 
701 1 |a Losev  |b V. F. 
701 1 |a Mesyats  |b G. A.  |c russian physicist  |c academican, vice-president of RAS  |c graduate of Tomsk Polytechnic Institute  |f 1936-  |g Gennady Andreyevich  |3 (RuTPU)RU\TPU\pers\28088  |4 070 
701 1 |a Mikheev  |b L. D. 
701 1 |a Molchanov  |b A. G. 
701 1 |a Novoselov  |b Yu. N. 
701 1 |a Seleznev  |b L. V. 
701 1 |a Sinitsyn  |b D. V. 
701 1 |a Starodub  |b A. N. 
701 1 |a Tarasenko  |b V. F. 
701 1 |a Yakovlenko  |b S. I. 
701 1 |a Zvorykin  |b V. D. 
801 1 |a RU  |b 63413507  |c 20110829 
801 2 |a RU  |b 63413507  |c 20110928  |g RCR 
942 |c BK